000 00644nam a2200205 i 4500
001 51023
003 ES-MaACL
005 20231114062531.0
007 t|
008 030808s1959 sp ||||1| spa d
100 1 _aCurtius, Ernst.
_942251
245 1 0 _aEnsayos críticos acerca de literatura europea /
_cErnst Curtius ; [traducción de Eduardo Valentí].
260 _aBarcelona :
_bSeix Barral,
_c1959.
300 _a2 t. ;
_c18 cm.
490 1 _aBiblioteca breve
700 1 _aValentí Fiol, Eduardo.
_9112600
830 0 _aBiblioteca breve (Seix Barral)
_9227188
852 _aES-MaACL
_jC-16364-5
_bR.44158
999 _c51023
_d51023